000 nam a22 7a 4500
999 _c17979
_d17979
008 161130b xxu||||| |||| 00| 0 eng d
050 _aN 6490 .S74 1972
100 _aSteinberg, Leo.
245 _aOther Criteria with twentieth-century art/
_cLeo SteinBerg.
260 _aUnited States :
_bOxford university press,
_c1972.
300 _aviii, 436p. :
_bill. ;
650 _aHistorical
_xart.
942 _2lcc
_cBOOKS
_hN 6490 .S74 1972